LEADER 00910nab a2200169 i 4500 001 000000268890 003 CaOOAMICUS 005 20080515000000.0 008 080515n xx uu u0 0und r 013 $a14486 040 $aSeMil$bita 245 10$aBibbia e vita della Comunitŕ cristiana :$b58. Settimana nazionale di aggiornamento pastorale, Trevi-Spoleto, 23-26 giugno 2008 [programma]. 500 $a[pieghevole allegato]. 700 1 $aSettimana Nazionale di Aggiornamento Pastorale <58. ; 2008 ; Trevi-Spoleto (PG)>.$0(OLS)http://semarc/name/65783 710 2 $aCentro di Orientamento Pastorale$g.$0(OLS)http://semarc/name/2102 773 0 $t[2008 : Gennaio-Giugno].$dBologna : Centro Editoriale Dehoniano, 2008.$w()169052 996 $6245$aBibbia e vita della Comunitŕ cristiana :$b58. Settimana nazionale di aggiornamento pastorale, Trevi-Spoleto, 23-26 giugno 2008 [programma].$9(OLS)http://semarc/title/358918 LEADER 01049nam a2200253 4500 001 000000332351 003 CaOOAMICUS 005 20190129140259.0 008 190129s1991 fr 000 u fre r 020 $a2-02-013453-5 040 $aSeMil$bita 100 1 $aRicoeur, Paul,$d<1913-2005>.$0(OLS)http://semarc/name/675 245 10$a2: La configuration dans le récit de fiction. 264 1$aParis :$bÉditions du Seuil,$c1991. 300 $a298 p. ;$c18 cm 490 1 $aPoints. Essais ;$v228 773 0 $aRicoeur, Paul <1913-2005>$tTemps et récit.$dParis : Éditions du Seuil, 1991.$w()332348 830 0$aPoints. Essais ;$v228.$0(OLS)http://semarc/title/17587 850 $aSeMil 852 $aSeMil$W1$xVenegono$y1$m1Q I 67$j212596$B224128$CSeMilBibl$Z2$F224128 $81 996 $6020$a2-02-013453-5$9(OLS)http://semarc/number/286413 996 $6245$a2: La configuration dans le récit de fiction$9(OLS)http://semarc/title/421177 996 $6264$aParis :$bÉditions du Seuil$9(OLS)http://semarc/publisher/29806